Welcome to CU Library Online Public Access Catalogue (OPAC)

Essentials of Nursing Research (Record no. 7916)

MARC details
000 -LEADER
fixed length control field 00605nam a22001697a 4500
005 - DATE AND TIME OF LATEST TRANSACTION
control field 20251030083528.0
008 - FIXED-LENGTH DATA ELEMENTS--GENERAL INFORMATION
fixed length control field 251030b |||||||| |||| 00| 0 eng d
020 ## - INTERNATIONAL STANDARD BOOK NUMBER
International Standard Book Number 9781451176803
050 ## - LIBRARY OF CONGRESS CALL NUMBER
Classification number RT81.5
Item number .P63
100 ## - MAIN ENTRY--PERSONAL NAME
Personal name Polit, Denise F.
245 ## - TITLE STATEMENT
Title Essentials of Nursing Research
Remainder of title appraising evidence for nursing practice
Statement of responsibility, etc. Denise F. Polit & Cheryl Tatano Beck
250 ## - EDITION STATEMENT
Edition statement 8th ed.
Remainder of edition statement international edition
260 ## - PUBLICATION, DISTRIBUTION, ETC.
Place of publication, distribution, etc. Philadelphia
Name of publisher, distributor, etc. Wolters Kluwer/ Lippincott Williams & Wilkins
Date of publication, distribution, etc. 2014
300 ## - PHYSICAL DESCRIPTION
Extent xviii. 493p.
Other physical details ill. color
Dimensions 25.5cm
700 ## - ADDED ENTRY--PERSONAL NAME
Personal name Beck, Cheryl Tatano
942 ## - ADDED ENTRY ELEMENTS (KOHA)
Source of classification or shelving scheme Library of Congress Classification
Koha item type Books
Edition 8th ed.
Suppress in OPAC No
999 ## -
-- 7916
-- 7916
Holdings
Withdrawn status Lost status Source of classification or shelving scheme Damaged status Not for loan Collection Home library Current library Shelving location Date acquired Total checkouts Full call number Barcode Date last seen Copy number Price effective from Koha item type
    Library of Congress Classification     Non-fiction Science Library (Miotso) Science Library (Miotso) General stacks 10/30/2025   RT81.5 .P63 POL SLM00004949 10/30/2025 1 10/30/2025 Books
    Library of Congress Classification     Non-fiction Science Library (Miotso) Science Library (Miotso) General stacks 10/30/2025   RT81.5 .P63 POL SLM00004950 10/30/2025 2 10/30/2025 Books
    Library of Congress Classification     Non-fiction Science Library (Miotso) Science Library (Miotso) General stacks 10/30/2025   RT81.5 .P63 POL SLM00004951 10/30/2025 3 10/30/2025 Books
© 2023-2024 Copyright: Central University Libraries. All Rights Reserved | Created by: Mahone Tech Office